01302cam a22003131 450000100090000000300060000900500170001500800410003203500130007303500180008604000420010408200150014610000330016124500350019426000390022930000230026833600260029133700280031733800270034549000300037250400410040250501610044365000600060490600450066494200150070999900170072495201220074195201250086310305987GBCCL20251125142430.0720817s1961 ohu b 001 0 eng  a10305987 a(OCoLC)384914 aDLCcODaWUdOCoLCdViBlbVdPPPSBdDLC a270bLIE 11 aLietzmann, Hans,d1875-1942.12aA history of the early church. aCleveland,bWorld Pub. Co.c[1961] a4 v. in 2.c21 cm. atextbtxt2rdacontent aunmediatedbn2rdamedia avolumebnc2rdacarrier0 aMeridian books ;vMG26A-B aIncludes bibliographies and indexes. aV. 1. The beginnings of the Christian church V. 2. The founding of the Church Universal V. 3. From Constantine to Julian V. 4. The era of the church fathers 0aChurch historyyPrimitive and early church, ca. 30-600. a7bcbccoclcrplduencipf19gy-gencatlg 2ddccBKn0 c11075d11075 00102ddc4070aGBCbGBCcCHd2025-11-25l1o270 LIEp017303r2026-02-12 15:05:42s2026-02-05tv.1&2w2025-11-25yBK 00102ddc4070aGBCbGBCcCHd2025-11-25l2m1o270 LIEp017304r2026-02-13 11:05:52s2026-02-10tv.3&4w2025-11-25yBK